200 derniers mots de Harry Potter et le prisonnier d'Azkaban - Statistiques

Statistiques générales
  • Ce quiz a été pris 588 fois
  • Le résultat moyen est 138 sur 200
Statistiques - réponses
Mots % Correct
à
97%
l'
97%
L'
97%
s'
97%
Harry
95%
Harry.
95%
d'
94%
t-
94%
le
93%
n'
93%
j'
92%
de
91%
est-
91%
est
91%
m'
91%
et
90%
il
90%
Il
90%
la
90%
c'
89%
C'
89%
ma
88%
Si
88%
-Si,
88%
si
88%
tu
87%
Tu
87%
me
86%
un
86%
un,
86%
ce
85%
-Ce
85%
-Qu'
85%
ai
84%
en
84%
pas
84%
ça ?
83%
ça,
83%
des
83%
que
83%
mon
82%
sa
82%
je
81%
une
81%
se
80%
as
78%
était
78%
mère.
76%
oncle
76%
père
76%
ton
76%
-Ton
76%
ami
72%
Son
72%
son
72%
Vernon
72%
Vernon.
72%
Vernon,
72%
meilleur
71%
pour
71%
parrain.
70%
parrain !
70%
bien
69%
prison
69%
dans
68%
mais
68%
été
66%
mes
63%
sorciers
62%
année
61%
celui
60%
lettre
60%
main.
59%
avait
56%
dernière !
55%
évadé
54%
tenait
54%
répondit
53%
Avec
52%
exclama
51%
faire
51%
suis
50%
annonçait
49%
peux
49%
sur
49%
toujours
44%
toujours...
44%
fuite.
42%
gare,
41%
nouvelles...
41%
regardant
41%
temps
41%
temps...
41%
écrit
40%
signer,
40%
savoir
39%
quand
36%
vers
36%
enveloppe
35%
prend
35%
autorisation
34%
interrompit
33%
valise
33%
cage
32%
Hedwige.
32%
Hedwige
32%
heureux...
30%
même,
29%
sortie
29%
dirigea
26%
sourire
25%
serrée
20%
chariot
19%
chariot.
19%
condamné
18%
joyeux.
18%
assassin
17%
lequel
17%
perpétuité,
15%
devant
14%
large
14%
manière
14%
posé
14%
poussant
12%
direction
11%
expression
11%
accueillit
10%
grogna-
10%
tandis
9%
habituelle.
8%
horrifiée
6%
poussait
6%
Aucun quiz correspondant
Distribution des résultats
% des personnes avec chaque résultat
Percentile par nombre de réponses
Votre historique - résultats
Vous n’avez pas pris ce quiz